01737nam a22002177a 4500008004100000020001800041040000800059041000800067050001700075100003300092245012500125260008000250300004100330520093600371650002901307650003101336650002901367942000801396952010001404999001501504251002b |||||||| |||| 00| 0 eng d a9798988913016 ctbs aeng aHF5415.1265  aGotch, Nathan925968eauthor aThe SEO entrepreneurb: start a successful SEO business and turn your entrepreneurial dreams to realityc/ Nathan Gotch. a[Place of publication not identified] :b[Publisher not identified],c2023. a341 pages :billustrations ;c22 cm. aAre you ready to take the first step into Search Engine Optimization (SEO) and build a business that empowers brands to succeed online? The SEO Entrepreneur is the ultimate guide for launching a profitable SEO business. Packed with hands-on strategies and expert insights, this paperback offers a complete blueprint to become the SEO professional people trust—whether you aim to make a name locally, nationally, or beyond. Why The SEO Entrepreneur Stands Out: While many books cover the basics of SEO, The SEO Entrepreneur goes beyond, offering a practical, real-world guide for entrepreneurs who want to build a successful business with SEO as the core. This isn’t just an “SEO for beginners” book—it’s a step-by-step guide designed to transform your SEO skills into a thriving agency that clients rely on. With this book, you’ll learn to grow a client base and revenue streams using proven organic SEO techniques. 0aWeb search engines97488 0aWeb site development97487 0aInternet marketing91133 2lcc 00102lcc4070aTBSbTBSd2025-10-02l0oHF5415.1265 GOTpB07631r2025-10-02t1w2025-10-02y1 c4988d4988